Východiska a perspektivy ekonomického výzkumu v Ekonomickém ústavu ČSAV.
Rozhovor s novým riaditeľom EÚ ČSAV. Stav ekonomického výskumu a východiská ďalšieho rozvíjania ekonomickej vedy. Hlavné zmeny v organizácii i obsahovej orientácii EÚ ČSAV. Prvoradé úlohy ekonomickej teórie z hľadiska aktuálnych potrieb dneška.
Guardado en:
| Autor principal: | |
|---|---|
| Otros Autores: | |
| Formato: | Capítulo de libro |
| Lenguaje: | checo |
| Materias: | |
| Etiquetas: |
Sin Etiquetas, Sea el primero en etiquetar este registro!
|
MARC
| LEADER | 00000naa a2200000 4500 | ||
|---|---|---|---|
| 001 | r001607 | ||
| 005 | 20221125080955.3 | ||
| 041 | 0 | |a cze | |
| 044 | |a [CS] | ||
| 245 | 1 | 0 | |a Východiska a perspektivy ekonomického výzkumu v Ekonomickém ústavu ČSAV. |c J. Klacek, P. Soukup |
| 520 | |a Rozhovor s novým riaditeľom EÚ ČSAV. Stav ekonomického výskumu a východiská ďalšieho rozvíjania ekonomickej vedy. Hlavné zmeny v organizácii i obsahovej orientácii EÚ ČSAV. Prvoradé úlohy ekonomickej teórie z hľadiska aktuálnych potrieb dneška. | ||
| 610 | 2 | 0 | |a výskum ekonomický |
| 610 | 2 | 0 | |a veda ekonomická |
| 610 | 2 | 0 | |a teórie ekonomické |
| 610 | 2 | 0 | |a Ekonomický ústav ČSAV |
| 610 | 2 | 0 | |a ČSFR |
| 100 | 1 | |a Klacek, J. | |
| 700 | 1 | |a Soukup, P. | |